000 01307nam a2200325 i 4500
003 EG-GICUC
005 20260121101543.0
008 251228s1998 ua ||||fr|||| 00| 0 ara d
040 _a EG-GICUC
_bara
_c EG-GICUC
_d EG-GICUC
_erda
041 _aara
082 0 4 _221
_a343.6
_bع ل . ع
092 0 4 _221
099 _aLaw1 10 343.6 ع ل . ع 1998
100 0 _a علي عبد القادر القهوجي
_eمؤلف.
245 1 0 _aعلم الإجرام والعقاب /
_cعلي عبد القادر القهوجي ، فتوح عبد الله الشاذلي.
264 1 _aالاسكندرية :
_bمنشأت المعارف ،
_c1998.
300 _a548 صفحة ؛
_c24 سم.
_bإيضاحيات، صور، مثيليات ؛
336 _2rda content
_atext
337 _2rda media
_aComputer
338 _2rda carrier
_aOnline Resource
504 _aيحتوي على ارجاعات ببليوجرافية
546 _aالنص أغلبه باللغة العربية مع بعض النصوص الفرنسية
650 1 4 _aعلم الإجرام
_2qrmak
650 1 4 _aعلم العقاب
_2qrmak
651 1 _2qrmak
700 _aفتوح عبد الله الشاذلي
_eمؤلف.
856 4 0 _uhttps://fll.law.cu.edu.eg/fulltext/bks/B10-07330.pdf
905 _a75
942 _2ddc
_cBK
_e21
_n0
999 _c52880
_d52880